000 00595cam a22002177a 4500
001 001036
003 armpunfd
005 20140612090628.0
008 011217e1997####xx#a##########000#0#und#d
040 _aarmpunfd
_carmpunfd
080 _a351.83 G 549
100 1 0 _a Goldin, Adrian
245 1 0 _aTrabajo y los comercios : sobre las relaciones laborales en la argentina
260 _a Buenos Aires
_b Eudeba
_cC1997
300 _a303p.
650 7 _a Derecho Laboral
_2LEMB
650 7 _a Mercados
_2LEMB
650 7 _a Trabajo
_2LEMB
942 _cLB
_2cdu
945 _aCatalis
_d2010-08-19
999 _c1027
_d231531